000 00299nam a2200109 4500
008 160704b xxu||||| |||| 00| 0 eng d
100 _92023
_a Savitri
245 _aTales From Indian Classics
260 _aN.D
_b Children Book Trust
_c1965
300 _aTales From Indian Classics
942 _2ddc
_cBK
999 _c1723
_d1723